Queens Park Rangers League Players Since 2014 - Statistics

General Stats
  • This quiz has been taken 10 times
  • The average score is 148 of 304
Answer Stats
% Correct
2019/20 (Championship - 13th) England AM 21 Eberechi Eze 46 14
100%
2018/19 (Championship - 19th) England AM 20 Eberechi Eze 42 4
100%
2017/18 (Championship - 16th) England AM 19 Eberechi Eze 16 2
100%
2023/24 (Championship - 18th) Ghana RW 36 Albert Adomah 16
88%
2022/23 (Championship - 20th) Ghana RW 34 Albert Adomah 38 2
88%
2021/22 (Championship - 11th) Ghana RW 33 Albert Adomah 33 2
88%
2020/21 (Championship - 9th) Ghana RW 32 Albert Adomah 34 2
88%
2023/24 (Championship - 18th) Bosnia GK 36 Asmir Begovic 45
88%
2021/22 (Championship - 11th) England ST 31 Charlie Austin 34 5
88%
2020/21 (Championship - 9th) England ST 30 Charlie Austin 21 7
88%
2015/16 (Championship - 12th) England ST 25 Charlie Austin 16 9
88%
2014/15 (Premier League - 20th) England ST 24 Charlie Austin 35 18
88%
2023/24 (Championship - 18th) Morocco AM 26 Ilias Chair 44 7
88%
2022/23 (Championship - 20th) Morocco AM 24 Ilias Chair 40 5
88%
2021/22 (Championship - 11th) Morocco AM 23 Ilias Chair 39 9
88%
2020/21 (Championship - 9th) Morocco AM 22 Ilias Chair 45 8
88%
2019/20 (Championship - 13th) Morocco AM 21 Ilias Chair 41 4
88%
2018/19 (Championship - 19th) Morocco AM 20 Ilias Chair 4
88%
2017/18 (Championship - 16th) Morocco AM 19 Ilias Chair 4 1
88%
2023/24 (Championship - 18th) Ireland CB 26 Jimmy Dunne 29 1
88%
2022/23 (Championship - 20th) Ireland CB 24 Jimmy Dunne 40 2
88%
2021/22 (Championship - 11th) Ireland CB 23 Jimmy Dunne 38 3
88%
2015/16 (Championship - 12th) Canada LW 25 Junior Hoilett 29 6
88%
2014/15 (Premier League - 20th) Canada LW 24 Junior Hoilett 22
88%
2015/16 (Championship - 12th) Netherlands DM 25 Leroy Fer 19 2
88%
2014/15 (Premier League - 20th) Netherlands DM 24 Leroy Fer 29 6
88%
2023/24 (Championship - 18th) Scotland ST 28 Lyndon Dykes 41 6
88%
2022/23 (Championship - 20th) Scotland ST 26 Lyndon Dykes 39 8
88%
2021/22 (Championship - 11th) Scotland ST 25 Lyndon Dykes 33 8
88%
2020/21 (Championship - 9th) Scotland ST 24 Lyndon Dykes 42 12
88%
2019/20 (Championship - 13th) Wales DM 19 Matt Smith 8
88%
2018/19 (Championship - 19th) England ST 29 Matt Smith 35 6
88%
2017/18 (Championship - 16th) England ST 28 Matt Smith 41 11
88%
2016/17 (Championship - 18th) England ST 27 Matt Smith 16 4
88%
2023/24 (Championship - 18th) Sierra Leone RB 26 Osman Kakay 23
88%
2022/23 (Championship - 20th) Sierra Leone RB 24 Osman Kakay 21
88%
2021/22 (Championship - 11th) Sierra Leone RB 23 Osman Kakay 13
88%
2020/21 (Championship - 9th) Sierra Leone RB 22 Osman Kakay 28 1
88%
2019/20 (Championship - 13th) Sierra Leone RB 21 Osman Kakay 7
88%
2018/19 (Championship - 19th) Sierra Leone RB 20 Osman Kakay 3
88%
2017/18 (Championship - 16th) Sierra Leone RB 19 Osman Kakay 2
88%
2016/17 (Championship - 18th) Sierra Leone RB 18 Osman Kakay 1
88%
2023/24 (Championship - 18th) Northern Ireland RW 26 Paul Smyth 44 3
88%
2020/21 (Championship - 9th) Northern Ireland RW 22 Paul Smyth 3
88%
2018/19 (Championship - 19th) Northern Ireland RW 20 Paul Smyth 3
88%
2017/18 (Championship - 16th) Northern Ireland RW 19 Paul Smyth 13 2
88%
2014/15 (Premier League - 20th) Ireland CB 34 Richard Dunne 23
88%
2019/20 (Championship - 13th) Ireland LB 23 Ryan Manning 41 4
88%
2018/19 (Championship - 19th) Ireland LB 22 Ryan Manning 9
88%
2017/18 (Championship - 16th) Ireland LB 21 Ryan Manning 19 2
88%
2016/17 (Championship - 18th) Ireland LB 20 Ryan Manning 18 1
88%
2022/23 (Championship - 20th) Senegal GK 27 Seny Dieng 46 1
88%
2021/22 (Championship - 11th) Senegal GK 26 Seny Dieng 28
88%
2020/21 (Championship - 9th) Senegal GK 25 Seny Dieng 42
88%
2014/15 (Premier League - 20th) England ST 33 Bobby Zamora 31 3
75%
2023/24 (Championship - 18th) United States ST 22 Charlie Kelman 11
75%
2021/22 (Championship - 11th) United States ST 19 Charlie Kelman 1
75%
2020/21 (Championship - 9th) United States ST 18 Charlie Kelman 11
75%
2023/24 (Championship - 18th) England LW 26 Chris Willock 39 4
75%
2022/23 (Championship - 20th) England LW 24 Chris Willock 28 6
75%
2021/22 (Championship - 11th) England LW 23 Chris Willock 35 7
75%
2020/21 (Championship - 9th) England LW 22 Chris Willock 38 3
75%
2023/24 (Championship - 18th) Suriname LB 26 Kenneth Paal 44 4
75%
2022/23 (Championship - 20th) Suriname LB 25 Kenneth Paal 40 1
75%
2023/24 (Championship - 18th) Switzerland ST 29 Michael Frey 9 1
75%
2019/20 (Championship - 13th) Bermuda ST 29 Nahki Wells 26 13
75%
2018/19 (Championship - 19th) Bermuda ST 28 Nahki Wells 40 7
75%
2015/16 (Championship - 12th) England GK 35 Rob Green 24
75%
2014/15 (Premier League - 20th) England GK 34 Rob Green 36
75%
2023/24 (Championship - 18th) England DM 26 Sam Field 43 4
75%
2022/23 (Championship - 20th) England DM 24 Sam Field 46 2
75%
2021/22 (Championship - 11th) England DM 23 Sam Field 29
75%
2020/21 (Championship - 9th) England DM 22 Sam Field 19 1
75%
2014/15 (Premier League - 20th) England RW 32 Shaun Wright-Phillips 4
75%
2023/24 (Championship - 18th) Ireland ST 20 Sinclair Armstrong 39 3
75%
2022/23 (Championship - 20th) Ireland ST 19 Sinclair Armstrong 22
75%
2023/24 (Championship - 18th) England CB 33 Steve Cook 36 2
75%
2014/15 (Premier League - 20th) Morocco CM 25 Adel Taarabt 7
63%
2021/22 (Championship - 11th) Jamaica ST 30 Andre Gray 28 10
63%
2014/15 (Premier League - 20th) Chile ST 24 Eduardo Vargas 21 3
63%
2020/21 (Championship - 9th) United States CB 34 Geoff Cameron 34
63%
2019/20 (Championship - 13th) United States CB 33 Geoff Cameron 36 1
63%
2018/19 (Championship - 19th) United States CB 32 Geoff Cameron 19 1
63%
2023/24 (Championship - 18th) England DM 34 Jack Colback 29 3
63%
2022/23 (Championship - 20th) Jamaica ST 27 Jamal Lowe 20 3
63%
2023/24 (Championship - 18th) Denmark AM 29 Lucas Andersen 16 1
63%
2022/23 (Championship - 20th) Zimbabwe ST 26 Macauley Bonne 8
63%
2020/21 (Championship - 9th) Zimbabwe ST 24 Macauley Bonne 34 3
63%
2018/19 (Championship - 19th) Australia CM 25 Massimo Luongo 41 3
63%
2017/18 (Championship - 16th) Australia CM 24 Massimo Luongo 39 6
63%
2016/17 (Championship - 18th) Australia CM 23 Massimo Luongo 35 1
63%
2015/16 (Championship - 12th) Australia CM 22 Massimo Luongo 30
63%
2015/16 (Championship - 12th) Scotland RW 24 Matt Phillips 44 8
63%
2014/15 (Premier League - 20th) Scotland RW 23 Matt Phillips 25 3
63%
2014/15 (Premier League - 20th) Chile RB 26 Mauricio Isla 26
63%
2014/15 (Premier League - 20th) Croatia AM 29 Niko Kranjcar 22 2
63%
2014/15 (Premier League - 20th) England CB 35 Rio Ferdinand 11
63%
2022/23 (Championship - 20th) England CB 26 Rob Dickie 38
63%
2021/22 (Championship - 11th) England CB 25 Rob Dickie 38 3
63%
2020/21 (Championship - 9th) England CB 24 Rob Dickie 43 3
63%
2022/23 (Championship - 20th) Norway CM 31 Stefan Johansen 29 2
63%
2021/22 (Championship - 11th) Norway CM 30 Stefan Johansen 35 1
63%
2020/21 (Championship - 9th) Norway CM 29 Stefan Johansen 21 3
63%
2018/19 (Championship - 19th) Israel ST 31 Tomer Hemed 27 7
63%
2015/16 (Championship - 12th) Argentina CM 28 Alejandro Faurlin 30
50%
2014/15 (Premier League - 20th) Argentina CM 27 Alejandro Faurlin 2
50%
2015/16 (Championship - 12th) England CB 36 Clint Hill 13 1
50%
2014/15 (Premier League - 20th) England CB 35 Clint Hill 19 1
50%
2018/19 (Championship - 19th) Northern Ireland ST 26 Conor Washington 4
50%
2017/18 (Championship - 16th) Northern Ireland ST 25 Conor Washington 33 6
50%
2016/17 (Championship - 18th) Northern Ireland ST 24 Conor Washington 40 7
50%
2015/16 (Championship - 12th) Northern Ireland ST 23 Conor Washington 15
50%
2021/22 (Championship - 11th) Scotland GK 36 David Marshall 11
50%
2021/22 (Championship - 11th) England DM 25 Dominic Ball 20
50%
2020/21 (Championship - 9th) England DM 24 Dominic Ball 39 1
50%
2019/20 (Championship - 13th) England DM 23 Dominic Ball 31 1
50%
2022/23 (Championship - 20th) England RB 20 Ethan Laird 32 1
50%
2022/23 (Championship - 20th) Wales AM 25 George Thomas 3
50%
2021/22 (Championship - 11th) Wales AM 24 George Thomas 20
50%
2020/21 (Championship - 9th) Wales AM 23 George Thomas 17
50%
2023/24 (Championship - 18th) England DM 29 Isaac Hayden 17
50%
2023/24 (Championship - 18th) England CB 26 Jake Clarke-Salter 33 1
50%
2022/23 (Championship - 20th) England CB 24 Jake Clarke-Salter 16
50%
2017/18 (Championship - 16th) Scotland ST 31 Jamie Mackie 20 4
50%
2016/17 (Championship - 18th) Scotland ST 30 Jamie Mackie 18 1
50%
2015/16 (Championship - 12th) Scotland ST 29 Jamie Mackie 15 1
50%
2015/16 (Championship - 12th) England AM 24 Jay Emmanuel-Thomas 12 3
50%
2023/24 (Championship - 18th) Ireland DM 21 Joe Hodge 8 1
50%
2020/21 (Championship - 9th) England GK 25 Joe Lumley 5
50%
2019/20 (Championship - 13th) England GK 24 Joe Lumley 27
50%
2018/19 (Championship - 19th) England GK 23 Joe Lumley 42
50%
2017/18 (Championship - 16th) England GK 22 Joe Lumley 2
50%
2015/16 (Championship - 12th) England GK 20 Joe Lumley 1
50%
2014/15 (Premier League - 20th) England CM 31 Joey Barton 28 1
50%
2017/18 (Championship - 16th) DR Congo LW 26 Kazenga LuaLua 8
50%
2016/17 (Championship - 18th) DR Congo LW 25 Kazenga LuaLua 11 1
50%
2022/23 (Championship - 20th) Nigeria CB 34 Leon Balogun 16 1
50%
2014/15 (Premier League - 20th) France ST 27 Loic Remy 2
50%
2022/23 (Championship - 20th) England DM 25 Luke Amos 21
50%
2021/22 (Championship - 11th) England DM 24 Luke Amos 29 6
50%
2020/21 (Championship - 9th) England DM 23 Luke Amos 5
50%
2019/20 (Championship - 13th) England DM 22 Luke Amos 34 2
50%
2021/22 (Championship - 11th) England GK 19 Murphy Mahoney 2
50%
2017/18 (Championship - 16th) England CB 30 Nedum Onuoha 29
50%
2016/17 (Championship - 18th) England CB 29 Nedum Onuoha 44 3
50%
2015/16 (Championship - 12th) England CB 28 Nedum Onuoha 46 2
50%
2014/15 (Premier League - 20th) England CB 27 Nedum Onuoha 23
50%
2022/23 (Championship - 20th) Finland LB 25 Niko Hamalainen 2
50%
2020/21 (Championship - 9th) Finland LB 23 Niko Hamalainen 22
50%
2016/17 (Championship - 18th) Finland LB 19 Niko Hamalainen 3
50%
2016/17 (Championship - 18th) Jamaica AM 23 Ravel Morrison 5
50%
2023/24 (Championship - 18th) United States RB 25 Reggie Cannon 21
50%
2016/17 (Championship - 18th) Brazil DM 27 Sandro 6
50%
2015/16 (Championship - 12th) Brazil DM 26 Sandro 11
50%
2014/15 (Premier League - 20th) Brazil DM 25 Sandro 17 1
50%
2016/17 (Championship - 18th) Germany ST 25 Sebastian Polter 20 4
50%
2015/16 (Championship - 12th) Germany ST 24 Sebastian Polter 31 6
50%
2023/24 (Championship - 18th) Guyana RM 23 Stephen Duke-McKenna 5
50%
2020/21 (Championship - 9th) Guyana RM 19 Stephen Duke-McKenna 1
50%
2017/18 (Championship - 16th) Sierra Leone CB 25 Steven Caulker 2
50%
2016/17 (Championship - 18th) Sierra Leone CB 24 Steven Caulker 13 2
50%
2014/15 (Premier League - 20th) Sierra Leone CB 22 Steven Caulker 35 1
50%
2015/16 (Championship - 12th) South Korea LB 25 Yun Seok-yeong 3
50%
2014/15 (Premier League - 20th) South Korea LB 24 Yun Seok-yeong 23
50%
2017/18 (Championship - 16th) England GK 27 Alex Smithies 43
38%
2016/17 (Championship - 18th) England GK 26 Alex Smithies 46
38%
2015/16 (Championship - 12th) England GK 25 Alex Smithies 18
38%
2023/24 (Championship - 18th) England CM 25 Andre Dozzell 25 2
38%
2022/23 (Championship - 20th) England CM 23 Andre Dozzell 36
38%
2021/22 (Championship - 11th) England CM 22 Andre Dozzell 27
38%
2019/20 (Championship - 13th) Spain RB 36 Angel Rangel 21
38%
2018/19 (Championship - 19th) Spain RB 35 Angel Rangel 20 2
38%
2019/20 (Championship - 13th) England ST 20 Aramide Oteh 9
38%
2018/19 (Championship - 19th) England ST 19 Aramide Oteh 2
38%
2017/18 (Championship - 16th) England ST 18 Aramide Oteh 6 1
38%
2014/15 (Premier League - 20th) Senegal LB 24 Armand Traore 16
38%
2020/21 (Championship - 9th) Nigeria RB 22 Bright Osayi-Samuel 21 3
38%
2019/20 (Championship - 13th) Nigeria RB 21 Bright Osayi-Samuel 37 5
38%
2018/19 (Championship - 19th) Nigeria RB 20 Bright Osayi-Samuel 27 2
38%
2017/18 (Championship - 16th) Nigeria RB 19 Bright Osayi-Samuel 18 1
38%
2022/23 (Championship - 20th) Scotland ST 33 Chris Martin 16 4
38%
2018/19 (Championship - 19th) England RB 22 Darnell Furlong 25 1
38%
2017/18 (Championship - 16th) England RB 21 Darnell Furlong 22
38%
2016/17 (Championship - 18th) England RB 20 Darnell Furlong 14
38%
2014/15 (Premier League - 20th) England RB 18 Darnell Furlong 3
38%
2019/20 (Championship - 13th) England CB 27 Grant Hall 30 5
38%
2018/19 (Championship - 19th) England CB 26 Grant Hall 12
38%
2017/18 (Championship - 16th) England CB 25 Grant Hall 4
38%
2016/17 (Championship - 18th) England CB 24 Grant Hall 34
38%
2015/16 (Championship - 12th) England CB 23 Grant Hall 39 1
38%
2018/19 (Championship - 19th) Guinea ST 27 Idrissa Sylla 3
38%
2017/18 (Championship - 16th) Guinea ST 26 Idrissa Sylla 26 7
38%
2016/17 (Championship - 18th) Guinea ST 25 Idrissa Sylla 32 10
38%
2019/20 (Championship - 13th) England LW 18 Jack Clarke 6
38%
2021/22 (Championship - 11th) Ireland CM 29 Jeff Hendrick 10
38%
2023/24 (Championship - 18th) England CB 22 Joe Gubbins 1
38%
2019/20 (Championship - 13th) England CB 17 Joe Gubbins 1
38%
2018/19 (Championship - 19th) Wales CB 30 Joel Lynch 35 3
38%
2017/18 (Championship - 16th) Wales CB 29 Joel Lynch 25 1
38%
2016/17 (Championship - 18th) Wales CB 28 Joel Lynch 30 3
38%
2023/24 (Championship - 18th) England GK 22 Joe Walsh 1
38%
2019/20 (Championship - 13th) England ST 27 Jordan Hugill 39 13
38%
2021/22 (Championship - 11th) Ireland GK 36 Keiren Westwood 6
38%
2021/22 (Championship - 11th) Scotland LB 33 Lee Wallace 21
38%
2020/21 (Championship - 9th) Scotland LB 32 Lee Wallace 27 1
38%
2019/20 (Championship - 13th) Scotland LB 31 Lee Wallace 11
38%
2018/19 (Championship - 19th) England AM 26 Luke Freeman 43 8
38%
2017/18 (Championship - 16th) England AM 25 Luke Freeman 45 5
38%
2016/17 (Championship - 18th) England AM 24 Luke Freeman 16 2
38%
2018/19 (Championship - 19th) England GK 24 Matt Ingram 4
38%
2017/18 (Championship - 16th) England GK 23 Matt Ingram 2
38%
2015/16 (Championship - 12th) England GK 21 Matt Ingram 4
38%
2014/15 (Premier League - 20th) Argentina ST 27 Mauro Zarate 4
38%
2023/24 (Championship - 18th) Wales LB 30 Morgan Fox 20 1
38%
2022/23 (Championship - 20th) Ireland LW 24 Olamide Shodipo 11
38%
2019/20 (Championship - 13th) Ireland LW 21 Olamide Shodipo 12
38%
2018/19 (Championship - 19th) Ireland LW 20 Olamide Shodipo 4
38%
2016/17 (Championship - 18th) Ireland LW 18 Olamide Shodipo 11
38%
2018/19 (Championship - 19th) Poland RM 26 Pawel Wszolek 38 4
38%
2017/18 (Championship - 16th) Poland RM 25 Pawel Wszolek 36 2
38%
2016/17 (Championship - 18th) Poland RM 24 Pawel Wszolek 29 3
38%
2023/24 (Championship - 18th) Algeria RW 19 Rayan Kolli 10
38%
2016/17 (Championship - 18th) Ireland RM 19 Reece Grego-Cox 1
38%
2014/15 (Premier League - 20th) Ireland RM 17 Reece Grego-Cox 4
38%
2016/17 (Championship - 18th) Suriname AM 28 Tjaronn Chery 22 4
38%
2015/16 (Championship - 12th) Suriname AM 27 Tjaronn Chery 39 10
38%
2020/21 (Championship - 9th) England RB 26 Todd Kane 28 2
38%
2019/20 (Championship - 13th) England RB 25 Todd Kane 32 1
38%
2022/23 (Championship - 20th) Wales ST 23 Tyler Roberts 18 3
38%
2021/22 (Championship - 11th) France CB 28 Yoann Barbet 41 2
38%
2020/21 (Championship - 9th) France CB 27 Yoann Barbet 46 2
38%
2019/20 (Championship - 13th) France CB 26 Yoann Barbet 27
38%
2023/24 (Championship - 18th) France LB 21 Ziyad Larkeche 20
38%
2016/17 (Championship - 18th) Poland DM 24 Ariel Borysiuk 11
25%
2022/23 (Championship - 20th) Ireland CB 23 Conor Masterson 1
25%
2020/21 (Championship - 9th) Ireland CB 21 Conor Masterson 4
25%
2019/20 (Championship - 13th) Ireland CB 20 Conor Masterson 12 1
25%
2014/15 (Premier League - 20th) England RB 27 Danny Simpson 1
25%
2019/20 (Championship - 13th) Slovenia ST 20 Jan Mlakar 6
25%
2018/19 (Championship - 19th) Jamaica CM 24 Jordan Cousins 28 1
25%
2017/18 (Championship - 16th) Jamaica CM 23 Jordan Cousins 15
25%
2016/17 (Championship - 18th) Jamaica CM 22 Jordan Cousins 18
25%
2021/22 (Championship - 11th) Netherlands CB 26 Jordy de Wijs 12
25%
2020/21 (Championship - 9th) Netherlands CB 25 Jordy de Wijs 9
25%
2018/19 (Championship - 19th) England ST 19 Lewis Walker 4
25%
2019/20 (Championship - 13th) Scotland GK 23 Liam Kelly 19
25%
2016/17 (Championship - 18th) Canada RM 20 Michael Petrasso 2
25%
2015/16 (Championship - 12th) Canada RM 19 Michael Petrasso 8
25%
2023/24 (Championship - 18th) England CM 23 Taylor Richards 4
25%
2022/23 (Championship - 20th) England CM 21 Taylor Richards 15
25%
2022/23 (Championship - 20th) England CM 19 Tim Iroegbunam 32 2
25%
2020/21 (Championship - 9th) England CM 28 Tom Carroll 22
25%
2019/20 (Championship - 13th) Germany CB 28 Toni Leistner 22
25%
2018/19 (Championship - 19th) Germany CB 27 Toni Leistner 43 2
25%
2017/18 (Championship - 16th) DR Congo RW 25 Yeni Ngbakoto 5
25%
2016/17 (Championship - 18th) DR Congo RW 24 Yeni Ngbakoto 26 3
25%
2023/24 (Championship - 18th) England CB 23 Aaron Drewe 2
13%
2022/23 (Championship - 20th) England CB 21 Aaron Drewe 7
13%
2014/15 (Premier League - 20th) England GK 24 Alex McCarthy 3
13%
2016/17 (Championship - 18th) England CM 24 Ben Gladwin 7
13%
2015/16 (Championship - 12th) England CM 23 Ben Gladwin 7
13%
2016/17 (Championship - 18th) Montserrat DM 20 Brandon Comley 1
13%
2014/15 (Premier League - 20th) Montserrat DM 18 Brandon Comley 1
13%
2015/16 (Championship - 12th) Hungary CM 30 Daniel Tozser 16 1
13%
2021/22 (Championship - 11th) England CB 21 Dion Sanderson 11
13%
2023/24 (Championship - 18th) England CM 23 Elijah Dixon-Bonner 24
13%
2022/23 (Championship - 20th) England CM 21 Elijah Dixon-Bonner 1
13%
2020/21 (Championship - 9th) England CM 19 Faysal Bettache 6
13%
2019/20 (Championship - 13th) England CM 18 Faysal Bettache 3
13%
2015/16 (Championship - 12th) Italy CB 26 Gabriele Angella 17 1
13%
2017/18 (Championship - 16th) England CB 23 Jack Robinson 31 2
13%
2016/17 (Championship - 18th) England CB 22 Jack Robinson 7
13%
2015/16 (Championship - 12th) England CB 21 Jack Robinson 1
13%
2018/19 (Championship - 19th) England LB 25 Jake Bidwell 40
13%
2017/18 (Championship - 16th) England LB 24 Jake Bidwell 46 2
13%
2016/17 (Championship - 18th) England LB 23 Jake Bidwell 36
13%
2017/18 (Championship - 16th) England CB 31 James Perch 7
13%
2016/17 (Championship - 18th) England CB 30 James Perch 32
13%
2015/16 (Championship - 12th) England CB 29 James Perch 35
13%
2016/17 (Championship - 18th) England RW 17 Josh Bowler 1
13%
2019/20 (Championship - 13th) England CM 26 Josh Scowen 18
13%
2018/19 (Championship - 19th) England CM 25 Josh Scowen 35 2
13%
2017/18 (Championship - 16th) England CM 24 Josh Scowen 42 1
13%
2016/17 (Championship - 18th) England DM 33 Karl Henry 14
13%
2015/16 (Championship - 12th) England DM 32 Karl Henry 38 1
13%
2014/15 (Premier League - 20th) England DM 31 Karl Henry 33
13%
2019/20 (Championship - 13th) Denmark ST 21 Marco Ramkilde 1
13%
2019/20 (Championship - 13th) England LW 32 Marc Pugh 27 2
13%
2021/22 (Championship - 11th) England RB 27 Moses Odubajo 28
13%
2016/17 (Championship - 18th) Netherlands AM 27 Nasser El Khayati 6
13%
2015/16 (Championship - 12th) Netherlands AM 26 Nasser El Khayati 16 1
13%
2015/16 (Championship - 12th) England LB 34 Paul Konchesky 34
13%
2021/22 (Championship - 11th) England LB 20 Sam McCallum 17 2
13%
2018/19 (Championship - 19th) England CB 32 Alex Baptiste 4
0%
2017/18 (Championship - 16th) England CB 31 Alex Baptiste 26
0%
2015/16 (Championship - 12th) England CB 19 Cole Kpekawa 5
0%
2014/15 (Premier League - 20th) England CB 18 Cole Kpekawa 1
0%
2017/18 (Championship - 16th) England RM 26 David Wheeler 9 1
0%
2014/15 (Premier League - 20th) England CM 22 Jordon Mutch 9
0%
2016/17 (Championship - 18th) Wales CM 23 Michael Doughty 4
0%
2015/16 (Championship - 12th) Wales CM 22 Michael Doughty 5
0%
2014/15 (Premier League - 20th) Wales CM 21 Michael Doughty 3
0%
2016/17 (Championship - 18th) Northern Ireland CM 20 Sean Goss 6
0%
2015/16 (Championship - 12th) England ST 23 Tyler Blackwood 1
0%
No matching quizzes found
Score Distribution
Percent of People with Each Score
Percentile by Number Answered
Your Score History
You have not taken this quiz